000 00282nam a2200121Ia 4500
008 241002s9999 xx 000 0 und d
082 _a891 LUD
100 _aLudhyanwi, Sahir
245 0 _aTalkhian (تلخیاں)
260 _aKarachi:
_c1971
600 _aLiterature
942 _cUC
999 _c19006
_d19006